Statistiques concernant Noms d'animaux présents au zoo de Beauval

Cliquez ici pour prendre le quiz!

Statistiques générales

  • Ce quiz a été pris 94 fois
  • Le résultat moyen est 8 sur 16

Statistiques - réponses

Réponse% Correct
Loutre
92%
Lamantin
82%
Ara hyacinthe
78%
Fourmilier géant
71%
Diable de Tasmanie
70%
Ibis rouge
66%
Lycaon
58%
Serval
55%
Coati roux
43%
Mangouste naine
38%
Harfang des neiges
36%
Saïmiri
36%
Vari roux
30%
Tamarin empereur
26%
Chat pêcheur
25%
Otocyon
20%

Distribution des résultats

Percentile par nombre de réponses

% des personnes avec chaque résultat

Votre développement - résultats

Vous n’avez pas pris ce quiz